| 000 | 00320nam a2200133 a 4500 | ||
|---|---|---|---|
| 001 | 4192 | ||
| 003 | CDMR | ||
| 005 | 20130724114915.0 | ||
| 008 | 130130s1967||||||||||||||||||||||||||||d | ||
| 040 |
_aCDMR _bcat _cCPC GIRONA |
||
| 245 | 0 | _aCavall Fort, una experiència concreta | |
| 260 |
_c1967 _bNova Terra |
||
| 942 |
_cMON _2udc |
||
| 999 |
_c4192 _d4192 |
||